000 01125nam a22003257a 4500
001 6258
003 FISKH
005 20250811155310.0
008 250407b cb ||||| |||| 00| 0 eng d
020 _a9780545272629
040 _aDLC
_cDLC
_beng
050 _aPZ7.R4829
082 _a813.6
100 1 _aRiordan, Rick
_d(1964-)
245 1 4 _aThe last Olympian /
_cRick Riordan.
250 _aThis edition first published in 2010
260 _aNew York :
_bScholastic,
_c2009.
300 _a381 pages :
_c20 cm.
490 0 _aPercy Jackson & the Olympians ;
_vbk. 5
505 _aP
520 _aThe long-awaited prophecy surrounding Percy Jackson's sixteenth birthday unfolds as he leads an army of young demigods to stop Kronos in his advance on New York City, while the Olympians struggle to contain the rampaging monster, Typhon.
521 8 _a620
_bLexile
521 8 _aP
_bRaz-Plus
650 1 _aMythology, Greek
_vFiction.
650 1 _aFate and fatalism
_vFiction.
650 1 _aMonsters
_vFiction.
906 _a7
_bcbc
_corignew
_d2
_encip
_f20
_gy-gencatlg
942 _2ddc
_cBK
_n0
999 _c6258
_d6258